Chansons de Vald - Statistiques

Statistiques générales
  • Ce quiz a été pris 432 fois
    88 depuis la dernière actualisation
  • Le résultat moyen est 53 sur 192
Statistiques - réponses
Album Chanson % Correct
NQNTMQMQMB Journal Perso
81%
Ce monde est cruel Journal perso II
81%
Agartha Vitrine
77%
XEU Désaccordé
70%
Agartha Ma meilleure amie
70%
Ce monde est cruel Ce monde est cruel
69%
Ce monde est cruel Rappel
69%
NQNTMQMQMB NQNT
67%
NQNT 2 Bonjour
64%
Ce monde est cruel Halloween
63%
Pandemonium Pandemonium
63%
V Peon
63%
Pandemonium Dieu merci
61%
XEU Réflexions basses
59%
XEU Dragon
58%
Ce monde est cruel Dernier retrait
56%
Agartha Eurotrap
56%
Ce monde est cruel NQNTMQMQMB
55%
Agartha Je t'aime
53%
Pandemonium Regulation
53%
Ce monde est cruel ASB
52%
Agartha Blanc
52%
XEU Deviens génial
52%
Agartha Lezarman
52%
XEU Offshore
52%
Agartha Megadose
50%
NQNT33 Rechute
50%
Agartha Strip
50%
XEU Gris
48%
Agartha L.D.S
48%
V Pandémie
48%
Agartha Acacia
47%
V Anunnaki
47%
Agartha Dernier verre
47%
Ce monde est cruel Pensionman
47%
XEU Primitif
47%
Agartha Totem
47%
Pandemonium Gauche droite
45%
Horizon vertical Horizon vertical
45%
XEU Rocking Chair
45%
NQNT 2 Selfie
45%
XEU Trophée
45%
XEU Seum
44%
VV5 REFLEXIONS TRES BASSES
42%
Pandemonium Superman
42%
NQNT Autiste
41%
Pandemonium Les échappes
41%
NQNT33 | XEU Possédé
41%
Pandemonium Prozaczopixan
41%
V Happy End
39%
Ce monde est cruel Poches pleines
39%
Horizon vertical Canada
38%
V Maudit
38%
Pandemonium Roche noire
38%
VV5 SATAN 3
38%
Agartha Si j'arrêtais
38%
Pandemonium Lethargie
36%
Agartha Libellule
36%
Ce monde est cruel Pourquoi
36%
VV5 Sushi
36%
NQNT Aulnay sous Bois
34%
NQNTMQMQMB Branleur
34%
Pandemonium Darknet
34%
Horizon vertical Guccissima
34%
Ce monde est cruel Ignorant
34%
NQNT33 | NQNTMQMQMB | Pandemonium Interlude
34%
Agartha Neo
34%
Agartha Petite chatte
34%
XEU Résidus
34%
Ce monde est cruel Royal Bacon
34%
NQNT Shoote un ministre
34%
XEU DQTP
33%
Ce monde est cruel Keskivonfer
33%
Pandemonium Paradis perdu
33%
V Regarde toi
33%
XEU Rituel
33%
NQNT33 YAX3
33%
Pandemonium 93 milliards
31%
Agartha Kid Cudi
31%
XEU Ne me déteste pas
31%
XEU Chépakichui
30%
Pandemonium Fumée
30%
XEU Jentertain
30%
Ce monde est cruel No Friends
30%
Horizon vertical Royal cheese
30%
Ce monde est cruel Ma star
28%
Pandemonium Que des problèmes
28%
Pandemonium UFOV
28%
NQNT Par Toutatis
27%
V Sur un nouvel album
27%
NQNT 2 Urbanisme
27%
Horizon vertical 1992
25%
V Bien sûr
25%
VV5 ECHELON FREESTYLE
25%
Pandemonium FLPVCOF
25%
V Laisse tomber
25%
NQNT33 Non stop
25%
NQNT CQFD
23%
NQNT Elle me regarde
23%
NQNT 2 Infanticide
23%
Ce monde est cruel J'pourrai
23%
Horizon vertical 2014
22%
Horizon vertical Matrixé
22%
V Pas deux fois
22%
NQNT 2 Promesse
22%
NQNTMQMQMB Surprise
22%
NQNT33 Dis moi tout BB
20%
V Papoose
20%
NQNT Vie de cochon
20%
NQNT33 Vlad
20%
NQNT Flowjob
19%
V Le faux le fer
19%
NQNT33 Mana
19%
NQNT33 Sombre soirée
19%
V Un mot
19%
NQNT C'est pour
17%
NQNT33 MacDo
17%
V Qui écoute ?
17%
NQNT Smiley
17%
NQNTMQMQMB Elyxir
16%
Horizon vertical Mélange
16%
V Rappeur conscient
16%
VV5 RUFF RYDERZ
16%
NQNT 2 Taga
16%
Horizon vertical Vhr
16%
VV5 BAD
14%
V Je ressens rien
14%
NQNT 2 Joffrey
14%
NQNTMQMQMB Lune
14%
VV5 MICROPHONE CHECK
14%
NQNT PF
14%
NQNT 2 Quidam
14%
NQNT 2 Retour
14%
VV5 SHOW
14%
NQNT Sullyvan
14%
Horizon vertical Adios
13%
NQNT33 Berflam
13%
Horizon vertical Diviser pour mieux régner
13%
NQNT33 Foie gras
13%
VV5 FORFAIT
13%
Horizon vertical Mauvais
13%
NQNT 2 Ogre
13%
VV5 TECHNIQUE
13%
VV5 TELLEMENT TOI
13%
NQNTMQMQMB V.A.L.S.E
13%
VV5 AUCUN RETOUR
11%
NQNT 2 Cartes sous l'coude
11%
VV5 FEELINGS
11%
NQNT Horrible
11%
NQNT33 Kamasutra
11%
NQNT33 No Tube Zone
11%
NQNT33 Baby Squirt
9%
Echelon vol.2 Echelon 2
9%
NQNTMQMQMB Verre de sang
9%
NQNTMQMQMB Winston
9%
NQNTMQMQMB Cylindrique
6%
NQNTMQMQMB Donkey Punch
6%
NQNTMQMQMB La comptine de Sullyvan
6%
NQNTMQMQMB La ive
6%
NQNTMQMQMB Lettre à Elise
6%
NQNT33 Molly interlude
6%
NQNTMQMQMB Pour si peu
6%
NQNT33 Rhumance
6%
NQNTMQMQMB Gouaould
5%
NQNTMQMQMB Ass propos
3%
NQNTMQMQMB Bukkake
3%
NQNTMQMQMB Épices loufoques
3%
NQNTMQMQMB Fado
3%
NQNTMQMQMB Hippopotomonstrosesquippedaliophobie
3%
NQNTMQMQMB Metafion
3%
NQNTMQMQMB Mon présent
3%
NQNTMQMQMB Poésie moderne
3%
NQNTMQMQMB Adulez-moi
2%
NQNTMQMQMB Bad Trip
2%
NQNTMQMQMB Deuspi
2%
NQNTMQMQMB Encore
2%
NQNTMQMQMB Guedin
2%
NQNTMQMQMB J'ai vu
2%
NQNTMQMQMB John Doe
2%
NQNTMQMQMB Lalala
2%
NQNTMQMQMB Nique le bordel
2%
NQNTMQMQMB Que fait la police
2%
NQNTMQMQMB Rockstar
2%
NQNTMQMQMB Spirale
2%
NQNTMQMQMB Teh stylé
2%
NQNTMQMQMB Evolichienne
0%
Echelon vol.2 Muscu
0%
NQNTMQMQMB Pas grave
0%
NQNT33 Solo
0%
Aucun quiz correspondant
Distribution des résultats
% des personnes avec chaque résultat
Percentile par nombre de réponses
Votre historique - résultats
Vous n’avez pas pris ce quiz depuis la dernière actualisation